Giáo trình phương pháp dạy học hóa học T.3

Kaydedildi:
Detaylı Bibliyografya
Yazar: Nguyễn, Cương
Diğer Yazarlar: Nguyễn, Mạnh Dung
Materyal Türü: Kitap
Dil:Undetermined
Baskı/Yayın Bilgisi: H. ĐHSP 2007
Konular:
Online Erişim:http://lrc.tdmu.edu.vn/opac/search/detail.asp?aID=2&ID=5580
Etiketler: Etiketle
Etiket eklenmemiş, İlk siz ekleyin!
Thư viện lưu trữ: Trung tâm Học liệu Trường Đại học Thủ Dầu Một
LEADER 00687nam a2200217Ia 4500
001 TDMU_5580
008 210410s9999 xx 000 0 und d
082 |a 540.71 
090 |b NG525 
100 |a Nguyễn, Cương 
245 0 |a Giáo trình phương pháp dạy học hóa học 
245 0 |c Nguyễn Cương 
245 0 |n T.3 
260 |a H. 
260 |b ĐHSP 
260 |c 2007 
300 |a 108tr. 
650 |a Hóa học  |x Dạy và học  |x Phương pháp  |v Giáo trình 
700 |a Nguyễn, Mạnh Dung 
856 |u http://lrc.tdmu.edu.vn/opac/search/detail.asp?aID=2&ID=5580 
980 |a Trung tâm Học liệu Trường Đại học Thủ Dầu Một